000 00557nam a2200169 i 4500
001 66111
003 ES-MaACL
005 20230906165539.0
007 t|
008 040127s1953 sp ||||1| spa d
100 1 _aGabriel y Ramírez de Cartagena, Alfonso de.
_953160
245 1 0 _aPregón de la Semana Santa criptana /
_cAlfonso de Gabriel y Ramírez de Cartagena.
260 _aMadrid :
_b[s.n.],
_c1953 (
_fNueva Imprenta Radio)
300 _a25 p. ;
_c24 cm.
650 4 _aSemana Santa-
_zCiudad Real (Provincia)
_9171168
852 _aES-MaACL
_j1973-F-8
999 _c66111
_d66111